Vehicles Match: TV Series Quiz Stats

 Plays Quiz not verified by Sporcle

Challenge
Share
Tweet
Embed
Score 0/45 Timer 06:00
0 Plays Today
% Correct
The Dukes of Hazzard
66.7%
Knight Rider
54.8%
Partridge Family
54.8%
The Munsters
54.8%
The Munsters
54.8%
Starsky & Hutch
50%
Magnum P.I.
50%
CHiPs
42.9%
The A-Team
35.7%
Beverly Hillbillies
35.7%
The Dukes Of Hazzard
33.3%
BJ and the Bear
33.3%
Herbie, the Love Bug
33.3%
Knight Rider (remake)
31%
The Rockford Files
28.6%
Columbo
26.2%
Stingray
23.8%
Miami Vice
21.4%
Route 66
21.4%
Batman
21.4%
Miami Vice
19%
The Saint
16.7%
Get Smart
16.7%
% Correct
Charlie's Angels
16.7%
Charlie's Angels
16.7%
Street Hawk
16.7%
The Fall Guy
14.3%
My Mother the Car
14.3%
The Prisoner
14.3%
My Name is Earl
14.3%
Vegas
11.9%
The Green Hornet
9.5%
The Monkees
9.5%
Simon & Simon
9.5%
Nash Bridges
9.5%
Sanford & Son
9.5%
Family Matters
7.1%
77 Sunset Strip
7.1%
Hardcastle & McCormick
7.1%
Matt Houston
7.1%
Burke's Law
7.1%
Mannix
4.8%
Spenser: For Hire
4.8%
Movin On
4.8%
My Favorite Martian
2.4%

You're not logged in!

Compare scores with friends on all Sporcle quizzes.
Join for Free
OR
Log In

You Might Also Like...

Show Comments

Extras

Top Quizzes Today


Score Distribution

Your Account Isn't Verified!

In order to create a playlist on Sporcle, you need to verify the email address you used during registration. Go to your Sporcle Settings to finish the process.

Report this User

Report this user for behavior that violates our Community Guidelines.

Details: